| 000 | 01603nac a22003851u 4500 | ||
|---|---|---|---|
| 999 |
_c275 _d275 |
||
| 003 | EG-ScBUE | ||
| 005 | 20200108100909.0 | ||
| 006 | m||||fq||h 00| 0 | ||
| 008 | 101011t2005 nyua f 001 0 eng d | ||
| 020 | _a0072862858 (softcover : alk. paper) | ||
| 020 | _a9780072862850 | ||
| 020 | _a0072958596 (annotated instructor's ed : softcover : alk. paper) | ||
| 040 |
_aEG-ScBUE _beng _erda _cEG-ScBUE _dEG-ScBUE _dEG-ScBUE |
||
| 082 | 0 | 4 |
_a808.51 _bGRE _222 |
| 100 | 1 |
_aGregory, Hamilton, _eauthor. _920276 |
|
| 245 | 1 | 0 |
_aPublic speaking for college and career / _cHamilton Gregory, Asheville-Buncombe Technical Community College. |
| 250 | _aSeventh edition. | ||
| 264 | 1 |
_aNew York, NY : _bMcGraw-Hill, _c[2005] |
|
| 264 | 4 | _cc 2005 | |
| 300 |
_axxxv, 476 pages : _bcolor illustrations ; _c26 cm + _e1 CD |
||
| 336 |
_2rdacontent _atext _btxt |
||
| 336 |
_2rdacontent _asounds _bsnd |
||
| 337 |
_2rdamedia _aunmediated _bn |
||
| 337 |
_2rdamedia _aaudio _bs |
||
| 338 |
_2rdacarrier _avolume _bnc |
||
| 338 |
_2rdacarrier _acomputer disc _bcd |
||
| 500 | _aIncludes index. | ||
| 500 | _aIncludes appendix. | ||
| 538 | _aSystem requirements for accompanying computer discs: Microsoft Windows 98SE, 2000, ME, NT 4.0, SP 6, or XP, or Mac 9.2, OS X, 10.2, or OS X Classic Mode, 64MB RAM, CD-ROM drive 16x or faster, sVGA color monitor at resolution 800 x 600, sound card, Netscape 7 or Internet Explorer 5 QuickTime 6. | ||
| 590 | _aamira yasser | ||
| 650 | 7 |
_aPublic speaking. _2BUEsh _920277 |
|
| 653 |
_bHHUUEENN _cJanuary2020 |
||
| 655 | _vReading book | ||
| 942 |
_cBB _k808.51GRE _2ddc |
||